[Event "4NCL/Div3/WES2 vs. MIN"]
[Site "Wokefield Park ENG"]
[Date "2008.03.02"]
[Round "8.5"]
[White "Pym, Thomas W"]
[Black "Hawkins, Nick"]
[Result "1-0"]
[WhiteElo "2086"]
[BlackElo "2016"]
[PlyCount "59"]
[EventDate "2008.03.02"]
[EventType "team"]
[EventRounds "11"]
[EventCountry "ENG"]
[SourceDate "2007.09.15"]

1. e4 d5 2. exd5 Qxd5 3. Nc3 Qa5 4. d4 Nf6 5. Bc4 Bf5 6. Nge2 c6 7. Ng3 Bg6 8.
Qe2 e6 9. h4 h5 10. Bg5 Be7 11. O-O-O Nd5 12. Bxd5 cxd5 13. Bxe7 Kxe7 14. f4
Kd7 15. f5 exf5 16. Qf3 f4 17. Qxf4 Nc6 18. Nf5 Rad8 19. Rhe1 Rhe8 20. Rxe8
Rxe8 21. Nxg7 Re7 22. Nxh5 Nb4 23. Nf6+ Kc6 24. a3 Nxc2 25. h5 Nxa3 26. hxg6
Nc4 27. Kb1 Re3 28. Nfxd5 Rxc3 29. Nxc3 Qb4 30. Qc7+ 1-0

[Event "4NCL/Div3/WES2 vs. MIN"]
[Site "Wokefield Park ENG"]
[Date "2008.03.02"]
[Round "8.6"]
[White "Minnican, Alan"]
[Black "Marsh, Roger"]
[Result "1/2-1/2"]
[WhiteElo "2077"]
[BlackElo "2101"]
[PlyCount "36"]
[EventDate "2008.03.02"]
[EventType "team"]
[EventRounds "11"]
[EventCountry "ENG"]
[SourceDate "2007.09.15"]

1. Nf3 g6 2. e4 Bg7 3. d3 c6 4. Nbd2 d5 5. g3 dxe4 6. dxe4 Nf6 7. Bg2 O-O 8.
O-O Nbd7 9. Qe2 Nc5 10. Rd1 Qc7 11. Nd4 Bg4 12. f3 Bd7 13. Nc4 Rad8 14. Be3 Ne6
15. Nb3 b6 16. a4 Bc8 17. a5 Rxd1+ 18. Qxd1 Rd8 1/2-1/2

[Event "4NCL/Div3/WES2 vs. MIN"]
[Site "Wokefield Park ENG"]
[Date "2008.03.02"]
[Round "8.7"]
[White "Tunks, Dominic"]
[Black "James, Stephen B"]
[Result "1-0"]
[WhiteElo "1896"]
[BlackElo "2041"]
[PlyCount "49"]
[EventDate "2008.03.02"]
[EventType "team"]
[EventRounds "11"]
[EventCountry "ENG"]
[SourceDate "2007.09.15"]

1. c4 g6 2. g3 Bg7 3. Bg2 c5 4. Nc3 Nc6 5. b3 e5 6. Bb2 Nge7 7. e3 O-O 8. Nge2
d6 9. O-O Rb8 10. d3 a6 11. Qd2 b5 12. f4 f6 13. Rad1 Be6 14. h3 Qd7 15. Kh2
Bf7 16. Nd5 Nxd5 17. cxd5 Ne7 18. e4 Kh8 19. h4 Bg8 20. Bh3 f5 21. fxe5 dxe5
22. Ng1 Qd6 23. Nf3 h6 24. Qc3 b4 25. Qxe5 1-0

[Event "4NCL/Div3/WES2 vs. MIN"]
[Site "Wokefield Park ENG"]
[Date "2008.03.02"]
[Round "8.8"]
[White "Robson, Caroline"]
[Black "Moore, Gillian A"]
[Result "1-0"]
[WhiteElo "1680"]
[BlackElo "1905"]
[PlyCount "127"]
[EventDate "2008.03.02"]
[EventType "team"]
[EventRounds "11"]
[EventCountry "ENG"]
[SourceDate "2007.09.15"]

1. e4 Nf6 2. e5 Nd5 3. c4 Nb6 4. d4 d6 5. Nf3 dxe5 6. Nxe5 N8d7 7. Nf3 Nf6 8.
Nc3 g6 9. Be2 Bg7 10. O-O O-O 11. h3 c6 12. Be3 e6 13. Qd2 Qe7 14. Bh6 Bxh6 15.
Qxh6 Rd8 16. Rad1 Qf8 17. Qh4 Kg7 18. Ng5 h6 19. Nge4 Nxe4 20. Nxe4 f5 21. Ng3
g5 22. Nh5+ Kh7 23. Qg3 Rd7 24. Qe5 Rf7 25. g4 Bd7 26. Kg2 Re8 27. Rh1 Bc8 28.
h4 Nd7 29. Qe3 gxh4 30. Rxh4 f4 31. Qe4+ Kh8 32. Rdh1 Nf6 33. Qe5 f3+ 34. Bxf3
Kg8 35. Nxf6+ Rxf6 36. Qe3 Kf7 37. Rxh6 Rxh6 38. Rxh6 Ke7 39. Rh7+ Kd8 40. Qg5+
Re7 41. Rxe7 Qxe7 42. Qxe7+ Kxe7 43. Be4 e5 44. dxe5 Bxg4 45. f4 Ke6 46. Kg3
Be2 47. c5 Bc4 48. a3 Bb3 49. Kh4 a5 50. Kg5 Bc4 51. b4 a4 52. Bh7 Ke7 53. Bf5
Bf1 54. Bc8 Ba6 55. f5 Kd8 56. f6 Ke8 57. Kg6 Kf8 58. Bf5 Bc4 59. e6 Kg8 60.
f7+ Kf8 61. Kf6 Bxe6 62. Bxe6 b6 63. cxb6 c5 64. b7 1-0

[Event "4NCL/Div3/PAND vs. SWD2"]
[Site "Wokefield Park ENG"]
[Date "2008.03.02"]
[Round "8.1"]
[White "Ashton, Adam G"]
[Black "Thomas, Joseff"]
[Result "1-0"]
[WhiteElo "2295"]
[BlackElo "2080"]
[PlyCount "65"]
[EventDate "2008.03.02"]
[EventType "team"]
[EventRounds "11"]
[EventCountry "ENG"]
[SourceDate "2007.09.15"]

1. e4 g6 2. d4 Bg7 3. Nc3 d6 4. Nf3 c6 5. Be3 b5 6. Qd2 a5 7. Bd3 Bg4 8. Ng1 e5
9. Nge2 Bxe2 10. Bxe2 Qe7 11. d5 b4 12. Na4 c5 13. Nb6 f5 14. Nxa8 Qb7 15. Bb5+
Kf7 16. Bc6 Qa7 17. exf5 gxf5 18. Bg5 Nf6 19. Bxf6 Bxf6 20. Qh6 Nxc6 21. dxc6
Qxa8 22. Qh5+ Ke6 23. g4 fxg4 24. Qxg4+ Kf7 25. Qd7+ Be7 26. O-O-O Kf6 27. f4
e4 28. Rxd6+ Bxd6 29. Qxd6+ Kf7 30. Qd7+ Kg6 31. Rg1+ Kf6 32. Qg7+ Ke6 33. Qe5+
1-0

[Event "4NCL/Div3/PAND vs. SWD2"]
[Site "Wokefield Park ENG"]
[Date "2008.03.02"]
[Round "8.2"]
[White "Brown, Alan M"]
[Black "Walton, Alan J"]
[Result "0-1"]
[WhiteElo "2149"]
[BlackElo "2207"]
[PlyCount "120"]
[EventDate "2008.03.02"]
[EventType "team"]
[EventRounds "11"]
[EventCountry "ENG"]
[SourceDate "2007.09.15"]

1. d4 e6 2. c4 f5 3. Nc3 Nf6 4. Bg5 Bb4 5. Rc1 O-O 6. e3 h6 7. Bxf6 Qxf6 8. Nf3
d6 9. Be2 Nc6 10. O-O Bxc3 11. Rxc3 e5 12. c5 e4 13. Nd2 d5 14. f4 Be6 15. Kh1
Kh7 16. Rc1 Rg8 17. Qb3 Rab8 18. Rg1 g5 19. Rcf1 Ne7 20. g3 b6 21. cxb6 axb6
22. Qd1 c5 23. Nb3 Rgc8 24. Qa1 Ng6 25. Bh5 Nf8 26. g4 fxg4 27. Bxg4 Bxg4 28.
Rxg4 Qf5 29. Qd1 Qg6 30. dxc5 bxc5 31. Qxd5 c4 32. Nc5 Rb5 33. fxg5 Rbxc5 34.
Qxe4 Qxe4+ 35. Rxe4 hxg5 36. h4 Kg6 37. hxg5 Rxg5 38. Rh4 Ne6 39. Rc1 Rgc5 40.
Rc2 Kg5 41. Rhh2 Ra8 42. a3 Rd8 43. Kg2 Rd3 44. Kf2 Rf5+ 45. Ke2 Re5 46. Rg2+
Kf6 47. Rf2+ Ke7 48. Rxc4 Rexe3+ 49. Kf1 Kd6 50. Rcc2 Rd1+ 51. Kg2 Ke5 52. Rc4
Ree1 53. Kh2 Nd4 54. Rc8 Rh1+ 55. Kg3 Rdg1+ 56. Rg2 Nf5+ 57. Kf2 Rf1+ 58. Ke2
Nd4+ 59. Ke3 Re1+ 60. Kd2 Nb3+ 0-1

[Event "4NCL/Div3/PAND vs. SWD2"]
[Site "Wokefield Park ENG"]
[Date "2008.03.02"]
[Round "8.3"]
[White "Dilley, Jason M"]
[Black "Roberts, David L"]
[Result "0-1"]
[WhiteElo "2195"]
[BlackElo "2109"]
[PlyCount "96"]
[EventDate "2008.03.02"]
[EventType "team"]
[EventRounds "11"]
[EventCountry "ENG"]
[SourceDate "2007.09.15"]

1. d4 Nf6 2. Bg5 b6 3. Bxf6 exf6 4. Nf3 Bb7 5. e3 g6 6. Bd3 f5 7. Nbd2 Bg7 8.
c3 d6 9. h4 h5 10. Qa4+ Qd7 11. Qb3 Qe7 12. O-O-O Nd7 13. e4 fxe4 14. Bxe4 Bxe4
15. Nxe4 Bh6+ 16. Neg5 O-O-O 17. Kb1 Rdf8 18. Qa4 Qf6 19. Qxa7 Qf5+ 20. Ka1 Qa5
21. Qxa5 bxa5 22. Rhe1 Kd8 23. Re2 Nb6 24. Rde1 Nc8 25. Kb1 c6 26. Kc2 Kd7 27.
Kd3 f6 28. Ne4 Rh7 29. b3 Ne7 30. Nfd2 Nd5 31. g3 f5 32. Ng5 Bxg5 33. hxg5 f4
34. Re6 fxg3 35. fxg3 h4 36. Rxg6 hxg3 37. Kc2 g2 38. Rg1 Rh1 39. Rg7+ Kd8 40.
Rxg2 Ne3+ 41. Kd3 Nxg2 42. Ra7 Rh3+ 43. Ke2 Re3+ 44. Kd1 Rxc3 45. Rxa5 Re8 46.
Nc4 Ne3+ 47. Kd2 Nxc4+ 48. bxc4 Rxc4 0-1

[Event "4NCL/Div3/PAND vs. SWD2"]
[Site "Wokefield Park ENG"]
[Date "2008.03.02"]
[Round "8.4"]
[White "Burton, Graham P"]
[Black "Woolley, Jos"]
[Result "0-1"]
[WhiteElo "2103"]
[BlackElo "2098"]
[PlyCount "78"]
[EventDate "2008.03.02"]
[EventType "team"]
[EventRounds "11"]
[EventCountry "ENG"]
[SourceDate "2007.09.15"]

1. e4 g6 2. d4 Bg7 3. Nf3 d6 4. Be2 Nf6 5. Nc3 O-O 6. O-O Bg4 7. Be3 Nc6 8. d5
Bxf3 9. Bxf3 Ne5 10. Be2 c6 11. f4 Ned7 12. dxc6 bxc6 13. Bf3 Qc7 14. Qe2 Rab8
15. Rab1 e5 16. Rfd1 Rfe8 17. Qd2 Nb6 18. b3 Rbd8 19. fxe5 dxe5 20. Qf2 Nfd7
21. a4 Nf8 22. a5 Nc8 23. b4 Ne6 24. Na4 Nd4 25. Nc5 Nd6 26. Nb3 N6b5 27. Rd3
Na3 28. Rc1 Naxc2 29. Nxd4 Nxd4 30. Rdc3 Qe7 31. Rc4 Rb8 32. Rb1 a6 33. Rb2
Red8 34. h3 Qd6 35. Kh2 Qe6 36. Rc5 h5 37. Bd1 Bf8 38. Rc1 Rxb4 39. Rxb4 Bxb4
0-1

[Event "4NCL/Div3/PAND vs. SWD2"]
[Site "Wokefield Park ENG"]
[Date "2008.03.02"]
[Round "8.5"]
[White "Birtwhistle, Nigel"]
[Black "Miles, Richard"]
[Result "1/2-1/2"]
[WhiteElo "2125"]
[BlackElo "2071"]
[PlyCount "92"]
[EventDate "2008.03.02"]
[EventType "team"]
[EventRounds "11"]
[EventCountry "ENG"]
[SourceDate "2007.09.15"]

1. d4 d5 2. Nf3 c6 3. e3 Nf6 4. c4 Bf5 5. Qb3 Qb6 6. c5 Qc7 7. Nc3 h6 8. Qa4 e6
9. b4 Nbd7 10. b5 Be7 11. Bd2 O-O 12. Be2 Rfc8 13. O-O e5 14. Rfc1 Bd8 15. Qb4
Be7 16. Qb3 Ne4 17. Nxe4 Bxe4 18. Bc3 Bf6 19. a4 exd4 20. exd4 Qf4 21. Qb2 h5
22. Qd2 {=} Qf5 23. Rd1 Rab8 24. Ra3 h4 25. h3 Qg6 26. Kh1 Re8 27. Rg1 Qf5 28.
Bb2 Nf8 29. Bd1 Ng6 30. Bc1 Bd8 31. Nh2 Qd7 32. Bg4 Bf5 33. Bxf5 Qxf5 34. Rf3
Qd7 35. Qd3 Bc7 36. Ng4 Re7 37. Bg5 Re4 38. Re3 Rbe8 39. Rge1 Qf5 40. Rxe4 dxe4
41. Qd2 f6 42. Bxf6 Bf4 43. Qa2+ Kf8 44. Be5 Nxe5 45. Nxe5 Bxe5 46. dxe5 Rxe5
1/2-1/2

[Event "4NCL/Div3/PAND vs. SWD2"]
[Site "Wokefield Park ENG"]
[Date "2008.03.02"]
[Round "8.7"]
[White "Coates, David"]
[Black "van Kemenade, Rudy"]
[Result "1/2-1/2"]
[WhiteElo "2056"]
[BlackElo "2029"]
[PlyCount "34"]
[EventDate "2008.03.02"]
[EventType "team"]
[EventRounds "11"]
[EventCountry "ENG"]
[SourceDate "2007.09.15"]

1. e4 e5 2. Nf3 Nf6 3. Nxe5 d6 4. Nf3 Nxe4 5. Nc3 Nf6 6. d4 Be7 7. Bg5 h6 8.
Be3 d5 9. Qd2 Bf5 10. O-O-O c6 11. Bd3 Ne4 12. Bxe4 dxe4 13. Ng1 Qa5 14. d5 Bf6
15. Bd4 Bg5 16. Be3 Bf6 17. Bd4 Bg5 1/2-1/2

[Event "4NCL/Div3/PAND vs. SWD2"]
[Site "Wokefield Park ENG"]
[Date "2008.03.02"]
[Round "8.8"]
[White "van Kemenade, Julie"]
[Black "Gallagher, Marie"]
[Result "0-1"]
[WhiteElo "1764"]
[BlackElo "1730"]
[PlyCount "70"]
[EventDate "2008.03.02"]
[EventType "team"]
[EventRounds "11"]
[EventCountry "ENG"]
[SourceDate "2007.09.15"]

1. e4 d6 2. Bc4 Nf6 3. d3 e5 4. f4 exf4 5. Bxf4 Nc6 6. a3 g6 7. Nc3 Bg7 8. Nf3
Qe7 9. Ng5 Be6 10. Nxe6 fxe6 11. O-O O-O-O 12. Qd2 h6 13. b4 Nd4 14. Rab1 d5
15. exd5 exd5 16. Ba2 c6 17. Rbe1 Qd7 18. Be5 Nh5 19. Bxg7 Qxg7 20. b5 Nxb5 21.
Nxb5 cxb5 22. Qb4 Rd7 23. Qc5+ Kb8 24. Bxd5 Rc8 25. Qb4 Rxd5 26. Re7 a5 27. Qe1
Qd4+ 28. Kh1 b4 29. Rff7 Rb5 30. Re8 Rbc5 31. axb4 axb4 32. h3 Rxc2 33. Rff8
Qd6 34. Re6 Qxf8 35. Qe5+ R2c7 0-1

[Event "4NCL/Div3/CAMB2 vs. FCA1"]
[Site "Wokefield Park ENG"]
[Date "2008.03.02"]
[Round "8.1"]
[White "Mycroft, Richard"]
[Black "Tippleston, Charles"]
[Result "0-1"]
[WhiteElo "2143"]
[BlackElo "2172"]
[PlyCount "122"]
[EventDate "2008.03.02"]
[EventType "team"]
[EventRounds "11"]
[EventCountry "ENG"]
[SourceDate "2007.09.15"]

1. e4 c5 2. a3 e5 3. f4 exf4 4. Nf3 d6 5. Bc4 Nc6 6. d4 cxd4 7. Bxf4 Be6 8.
Bxe6 fxe6 9. Nxd4 Qf6 10. Be3 Qh4+ 11. g3 Qxe4 12. Kf2 Nf6 13. h3 Nd5 14. Qf3
Qxf3+ 15. Kxf3 Nxe3 16. Kxe3 Nxd4 17. Kxd4 Be7 18. Nd2 Bf6+ 19. Kd3 Kd7 20. c3
Rhf8 21. Ne4 Be7 22. Ke2 d5 23. Nd2 Bd6 24. g4 Rf4 25. Raf1 Raf8 26. Rxf4 Rxf4
27. Nf3 Rf8 28. Rd1 b5 29. Ke3 Bc5+ 30. Ke2 Kd6 31. b4 Bb6 32. Nd4 a6 33. a4
Bxd4 34. cxd4 bxa4 35. Ra1 Rb8 36. Rxa4 Rb6 37. Kd3 e5 38. dxe5+ Kxe5 39. Ke3
Rh6 40. Kf2 d4 41. g5 Rc6 42. Kf3 Rc3+ 43. Ke2 Rxh3 44. Rxa6 Rb3 45. Ra7 g6 46.
Rxh7 Rxb4 47. Rf7 Rb2+ 48. Kf3 Rb3+ 49. Kf2 Rb6 50. Ke2 Ra6 51. Rf8 Ra2+ 52.
Kf3 Ra1 53. Kf2 Ke4 54. Rf6 d3 55. Rd6 Rb1 56. Kg2 Ke3 57. Re6+ Kf4 58. Rd6
Rb2+ 59. Kf1 d2 60. Rd5 Rb1+ 61. Ke2 d1=Q+ 0-1

[Event "4NCL/Div3/CAMB2 vs. FCA1"]
[Site "Wokefield Park ENG"]
[Date "2008.03.02"]
[Round "8.2"]
[White "Habershon, Paul"]
[Black "Robertson, J Stuart"]
[Result "1-0"]
[WhiteElo "2094"]
[BlackElo "2105"]
[PlyCount "57"]
[EventDate "2008.03.02"]
[EventType "team"]
[EventRounds "11"]
[EventCountry "ENG"]
[SourceDate "2007.09.15"]

1. e4 c5 2. Nf3 Nc6 3. d4 cxd4 4. Nxd4 Nf6 5. Nc3 e5 6. Ndb5 d6 7. Bg5 a6 8.
Na3 b5 9. Nd5 Be7 10. Bxf6 Bxf6 11. c3 O-O 12. Be2 Bg5 13. Bg4 g6 14. Bxc8 Rxc8
15. O-O Ne7 16. Nc2 f5 17. exf5 gxf5 18. Ncb4 a5 19. Nxe7+ Qxe7 20. Nd5 Qe6 21.
Qd3 Rc5 22. Rfd1 Kh8 23. a4 Rb8 24. axb5 e4 25. Qd4+ Kg8 26. Rxa5 f4 27. Ra7
Qe5 28. b6 e3 29. Qd3 1-0

[Event "4NCL/Div3/CAMB2 vs. FCA1"]
[Site "Wokefield Park ENG"]
[Date "2008.03.02"]
[Round "8.3"]
[White "Jones, Richard M"]
[Black "Smith, Graham"]
[Result "1/2-1/2"]
[WhiteElo "2068"]
[BlackElo "2116"]
[PlyCount "82"]
[EventDate "2008.03.02"]
[EventType "team"]
[EventRounds "11"]
[EventCountry "ENG"]
[SourceDate "2007.09.15"]

1. e4 c5 2. Nf3 e6 3. d4 cxd4 4. Nxd4 Bc5 5. c3 Qh4 6. Qf3 Ne7 7. Bf4 Bxd4 8.
cxd4 Nbc6 9. Be3 f5 10. Nc3 O-O 11. g3 Qf6 12. e5 Qg6 13. Bg2 b6 14. O-O Bb7
15. Qf4 Qf7 16. Nb5 Ng6 17. Qg5 Ba6 18. Nd6 Qe7 19. Rfd1 Qxg5 20. Bxg5 h6 21.
Be3 f4 22. Bxf4 Nxf4 23. gxf4 Rxf4 24. Rd2 Raf8 25. Rad1 Ne7 26. b4 Nf5 27.
Nxf5 R8xf5 28. Rc1 Rg5 29. Rc7 Bb5 30. Rc3 Rgg4 31. h3 Rxd4 32. Rdc2 Rg5 33.
Rc8+ Kf7 34. Kh2 Rxe5 35. Ra8 a6 36. Rcc8 Rd2 37. Rf8+ Kg6 38. Rf4 Bc6 39. Bxc6
dxc6 40. Rxa6 Ree2 41. Kg2 Kg5 1/2-1/2

[Event "4NCL/Div3/CAMB2 vs. FCA1"]
[Site "Wokefield Park ENG"]
[Date "2008.03.02"]
[Round "8.4"]
[White "Ionanides, Milton"]
[Black "Campbell, Mark"]
[Result "0-1"]
[WhiteElo "2076"]
[BlackElo "2005"]
[PlyCount "62"]
[EventDate "2008.03.02"]
[EventType "team"]
[EventRounds "11"]
[EventCountry "ENG"]
[SourceDate "2007.09.15"]

1. b4 e5 2. Bb2 d6 3. e3 Be6 4. c4 f5 5. d4 e4 6. d5 Bf7 7. g4 Bg6 8. h4 fxg4
9. Qxg4 Nf6 10. Qe6+ Qe7 11. Qc8+ Qd8 12. Qxb7 Nbd7 13. Qc6 Be7 14. Bh3 O-O 15.
h5 Be8 16. Be6+ Kh8 17. Qa6 Nxh5 18. Nd2 Bf6 19. Bxd7 Bxb2 20. Bxe8 Qxe8 21.
Rb1 Bc3 22. Nh3 Qg6 23. Kd1 Qg4+ 24. Kc2 Bxd2 25. Kxd2 Rf3 26. Rbg1 Qf5 27. Rg5
Rxf2+ 28. Ke1 Qf3 29. Nxf2 Qxe3+ 30. Kd1 Qxg5 31. Nxe4 Qg4+ 0-1

[Event "4NCL/Div3/CAMB2 vs. FCA1"]
[Site "Wokefield Park ENG"]
[Date "2008.03.02"]
[Round "8.5"]
[White "Gooding, Ian"]
[Black "Fraser-Mitchell, Jeremy"]
[Result "1/2-1/2"]
[WhiteElo "1968"]
[BlackElo "2053"]
[PlyCount "129"]
[EventDate "2008.03.02"]
[EventType "team"]
[EventRounds "11"]
[EventCountry "ENG"]
[SourceDate "2007.09.15"]

1. e4 e6 2. d4 d5 3. Nd2 dxe4 4. Nxe4 Qd5 5. Nc3 Bb4 6. Qg4 Nc6 7. Nf3 Nge7 8.
Bd2 Bxc3 9. bxc3 e5 10. Qxg7 Rg8 11. Qf6 Qe4+ 12. Kd1 Nd5 13. Qh6 Bg4 14. Bd3
Bxf3+ 15. Kc1 Qg4 16. gxf3 Qxf3 17. Re1 O-O-O 18. Qxh7 Nde7 19. d5 Rh8 20. Qe4
Qxe4 21. Bxe4 Nxd5 22. c4 Nb6 23. Bxc6 bxc6 24. c5 Nd7 25. Bg5 f6 26. Be3 Rxh2
27. Kb2 f5 28. f4 e4 29. Bd4 Nf8 30. Kc3 Ne6 31. Be3 Rh3 32. Kc4 Rf3 33. Rab1
Rd5 34. Rb3 Nxf4 35. Rh1 Ne6 36. Rh6 Nd8 37. Rxc6 Nxc6 38. Kxd5 Kd7 39. Bg5 Rf1
40. Rh3 Rd1+ 41. Kc4 Ne5+ 42. Kb4 Rb1+ 43. Kc3 Kc6 44. Bf4 Nd7 45. Kc4 Nb8 46.
Rh6+ Kb7 47. Rf6 Rb2 48. Kc3 Rxa2 49. Rxf5 Ra6 50. Re5 Rc6 51. Rxe4 Rxc5+ 52.
Kb3 Nd7 53. Re7 Nb6 54. Rh7 a5 55. Be3 a4+ 56. Kb4 Rxc2 57. Bxb6 Kxb6 58. Kxa4
Rb2 59. Ka3 Rb1 60. Ka2 Rb5 61. Ka3 c6 62. Rh8 Kc5 63. Rh5+ Kc4 64. Rh4+ Kc3
65. Rh3+ 1/2-1/2

[Event "4NCL/Div3/CAMB2 vs. FCA1"]
[Site "Wokefield Park ENG"]
[Date "2008.03.02"]
[Round "8.6"]
[White "Williamson, Kevin J"]
[Black "Kapadia, Sujit"]
[Result "1-0"]
[WhiteElo "2037"]
[BlackElo "1915"]
[PlyCount "81"]
[EventDate "2008.03.02"]
[EventType "team"]
[EventRounds "11"]
[EventCountry "ENG"]
[SourceDate "2007.09.15"]

1. d4 d5 2. Nf3 c5 3. e3 cxd4 4. exd4 Nf6 5. Bd3 Bg4 6. c3 e6 7. Qa4+ Nbd7 8.
Ne5 a6 9. Nxg4 Nxg4 10. h3 Ngf6 11. Bf4 b5 12. Qc2 Qb6 13. O-O g6 14. Nd2 Bg7
15. a4 O-O 16. axb5 axb5 17. Qb3 Nh5 18. Be3 Rxa1 19. Rxa1 Rb8 20. g4 Nhf6 21.
Bf4 Rb7 22. Ra8+ Bf8 23. Bh6 b4 24. g5 bxc3 25. Qxc3 Nh5 26. Bxf8 Nxf8 27. Qc8
Qb4 28. Nb3 Nf4 29. Bf1 Qe7 30. Nc5 Rc7 31. Qd8 Qxd8 {=} 32. Rxd8 Kg7 33. b4 e5
34. dxe5 N8e6 35. Nxe6+ fxe6 36. b5 Rc1 37. Rd7+ Kg8 38. b6 Ne2+ 39. Kg2 Nd4
40. b7 Nc6 41. Bb5 1-0

[Event "4NCL/Div3/CAMB2 vs. FCA1"]
[Site "Wokefield Park ENG"]
[Date "2008.03.02"]
[Round "8.7"]
[White "Liu, Beinan"]
[Black "Elwin, Adrian G"]
[Result "1/2-1/2"]
[WhiteElo "1875"]
[BlackElo "2033"]
[PlyCount "26"]
[EventDate "2008.03.02"]
[EventType "team"]
[EventRounds "11"]
[EventCountry "ENG"]
[SourceDate "2007.09.15"]

1. d4 Nf6 2. c4 g6 3. g3 d5 4. cxd5 Qxd5 5. Nf3 c6 6. Bg2 Bg7 7. O-O O-O 8. Ne5
Qd8 9. Nc3 Nbd7 10. Nd3 Nb6 11. Nc5 Nbd7 12. Nd3 Nb6 13. Nc5 Nbd7 1/2-1/2

[Event "4NCL/Div3/CAMB2 vs. FCA1"]
[Site "Wokefield Park ENG"]
[Date "2008.03.02"]
[Round "8.8"]
[White "Evans, Helen"]
[Black "Owens, Megan"]
[Result "1-0"]
[WhiteElo "1695"]
[BlackElo "1781"]
[PlyCount "59"]
[EventDate "2008.03.02"]
[EventType "team"]
[EventRounds "11"]
[EventCountry "ENG"]
[SourceDate "2007.09.15"]

1. e4 c5 2. Nc3 g6 3. f4 Bg7 4. Nf3 Nc6 5. Bb5 Qb6 6. Nd5 Qd8 7. O-O e6 8. Bxc6
bxc6 9. Ne3 Ne7 10. e5 O-O 11. d3 Nd5 12. Nc4 Bh6 13. g3 f6 14. Nd6 Qe7 15. Ne4
fxe5 16. fxe5 Be3+ {=} 17. Kh1 Ba6 18. c4 Bxc1 19. Qxc1 Nb4 20. Qd2 Bc8 21. a3
Na6 22. Nf6+ Kg7 23. Qg5 Kh8 24. Qh4 Bb7 25. Ng5 Rf7 26. Nxf7+ Qxf7 27. Ne4 Qg7
28. Qf6 Nc7 29. Qxg7+ Kxg7 30. Nxc5 1-0

[Event "4NCL/Div3/ANGA1 vs. SLOS3"]
[Site "Wokefield Park ENG"]
[Date "2008.03.02"]
[Round "8.1"]
[White "Spence, David"]
[Black "Makepeace, Philip J"]
[Result "1-0"]
[WhiteElo "2198"]
[BlackElo "2012"]
[PlyCount "63"]
[EventDate "2008.03.02"]
[EventType "team"]
[EventRounds "11"]
[EventCountry "ENG"]
[SourceDate "2007.09.15"]

1. e4 c6 2. d4 d5 3. Nc3 dxe4 4. Nxe4 h6 5. Nf3 Bf5 6. Ng3 Bh7 7. Bd3 Bxd3 8.
Qxd3 Nf6 9. Bd2 e6 10. O-O-O Nbd7 11. Kb1 Qc7 12. c4 O-O-O 13. Bc3 Bd6 14. Ne4
Nxe4 15. Qxe4 Nf6 16. Qe2 Rhe8 17. g3 Qe7 18. a3 c5 19. dxc5 Bxc5 20. Ne5 Bd6
21. Ba5 b6 22. Nc6 Qc7 23. Nxd8 bxa5 24. Nxf7 Bc5 25. Qe5 Qxe5 26. Nxe5 Bxf2
27. Rd2 Bb6 28. Rhd1 Bc7 29. Re2 Kb7 30. b3 Kb6 31. Kc2 Re7 32. Rde1 1-0

[Event "4NCL/Div3/ANGA1 vs. SLOS3"]
[Site "Wokefield Park ENG"]
[Date "2008.03.02"]
[Round "8.2"]
[White "Varnam, Liam D"]
[Black "Talsma, Paul A"]
[Result "1/2-1/2"]
[WhiteElo "2042"]
[BlackElo "2235"]
[PlyCount "24"]
[EventDate "2008.03.02"]
[EventType "team"]
[EventRounds "11"]
[EventCountry "ENG"]
[SourceDate "2007.09.15"]

1. e4 e5 2. Nf3 Nc6 3. Bb5 a6 4. Ba4 Nf6 5. O-O Nxe4 6. d4 exd4 7. Re1 d5 8.
Nxd4 Bd6 9. Nxc6 Bxh2+ 10. Kxh2 Qh4+ 11. Kg1 Qxf2+ 12. Kh2 Qh4+ 1/2-1/2

[Event "4NCL/Div3/SLOS2 vs. PAND"]
[Site "Sunningdale ENG"]
[Date "2008.05.03"]
[Round "9.1"]
[White "Cox, Tristan"]
[Black "Mannion, Stephen"]
[Result "0-1"]
[WhiteElo "2154"]
[BlackElo "2361"]
[PlyCount "50"]
[EventDate "2008.05.03"]
[EventType "team"]
[EventRounds "11"]
[EventCountry "ENG"]
[SourceDate "2007.09.15"]

1. Nf3 Nf6 2. c4 c5 3. Nc3 b6 4. g3 Bb7 5. Bg2 e6 6. O-O Be7 7. d4 cxd4 8. Qxd4
d6 9. Bg5 Nbd7 10. Rfd1 a6 11. Qd2 O-O 12. Bf4 Ne8 13. Qe3 Qc7 14. Bh3 Rd8 15.
Nd4 Ne5 16. b3 Nf6 17. Bxe6 fxe6 18. Nxe6 Qc8 19. Nxd8 Qh3 20. f3 Nfg4 21. Nxb7
Qxh2+ 22. Kf1 Nxe3+ 23. Bxe3 Nxf3 24. Nd5 Nd4+ 25. Bf4 Qxe2+ 0-1

[Event "4NCL/Div3/SLOS2 vs. PAND"]
[Site "Sunningdale ENG"]
[Date "2008.05.03"]
[Round "9.2"]
[White "Walton, Alan J"]
[Black "Ruston, Mark R"]
[Result "1-0"]
[WhiteElo "2217"]
[BlackElo "2128"]
[PlyCount "60"]
[EventDate "2008.05.03"]
[EventType "team"]
[EventRounds "11"]
[EventCountry "ENG"]
[SourceDate "2007.09.15"]

1. d4 e6 2. e4 d5 3. Nc3 Nf6 4. e5 Nfd7 5. f4 c5 6. Nf3 Nc6 7. Be3 b6 8. Bb5
Bb7 9. O-O Qc7 10. f5 O-O-O 11. fxe6 fxe6 12. Ne2 cxd4 13. Nexd4 Nxd4 14. Nxd4
Bc5 15. c3 Nxe5 16. Bf4 Rdf8 17. b4 Rxf4 18. Rxf4 Ng6 19. Rf2 Bd6 20. Nxe6
Bxh2+ 21. Kf1 Qd6 22. Nd4 Kb8 23. Qd3 Ne5 24. Qh3 Nc4 25. Bxc4 dxc4 26. Re1 Be5
27. Nb5 Qd5 28. Qf5 Qxb5 29. Rxe5 Qa4 30. Re1 g6 1-0

[Event "4NCL/Div3/SLOS2 vs. PAND"]
[Site "Sunningdale ENG"]
[Date "2008.05.03"]
[Round "9.3"]
[White "Linford, Charles"]
[Black "Stone, Andrew"]
[Result "0-1"]
[WhiteElo "2129"]
[BlackElo "2228"]
[PlyCount "78"]
[EventDate "2008.05.03"]
[EventType "team"]
[EventRounds "11"]
[EventCountry "ENG"]
[SourceDate "2007.09.15"]

1. f3 d5 2. Kf2 e5 3. h4 f5 4. b3 f4 5. g4 fxg3+ 6. Kxg3 Nf6 7. h5 Bd6 8. d3 d4
9. e4 dxe3 10. Bxe3 O-O 11. Nc3 Qe8 12. Ne4 Nxh5+ 13. Kf2 Nc6 14. Bh3 Nd4 15.
Bxd4 exd4 16. Ne2 Nf6 17. Bxc8 Nxe4+ 18. dxe4 Rxc8 19. Qxd4 {=} Rf7 20. Qd5 b6
21. Nd4 Rd8 22. Qe6 Bc5 23. Qxe8+ Rxe8 24. Ke3 Bxd4+ 25. Kxd4 Rxf3 26. Rh2 c5+
27. Kd5 Re3 28. Rah1 h6 29. Rh4 Re2 30. R1h2 R8xe4 31. Rxe4 Rxh2 32. Re7 Rxc2
33. Rxa7 h5 34. Ra4 Re2 35. Rh4 g6 36. Kc6 Rxa2 37. Kxb6 Rc2 38. Kc6 Rc3 39.
Re4 Kg7 {time} 0-1

[Event "4NCL/Div3/SLOS2 vs. PAND"]
[Site "Sunningdale ENG"]
[Date "2008.05.03"]
[Round "9.4"]
[White "Taylor, Robert M"]
[Black "Foster, James J"]
[Result "0-1"]
[WhiteElo "2198"]
[BlackElo "2091"]
[PlyCount "54"]
[EventDate "2008.05.03"]
[EventType "team"]
[EventRounds "11"]
[EventCountry "ENG"]
[SourceDate "2007.09.15"]

1. e4 e6 2. d4 d5 3. Nc3 Nf6 4. exd5 exd5 5. Bd3 Bd6 6. Nge2 Be6 7. Ng3 Nc6 8.
Nce2 Nb4 9. c3 Nxd3+ 10. Qxd3 c6 {=} 11. O-O Qd7 12. Bg5 O-O-O 13. b4 h5 14. h4
Rdg8 15. Rfe1 Nh7 16. Bf4 Be7 17. Nxh5 Nf8 18. Nhg3 Rxh4 19. a4 g5 20. Be3 Rgh8
21. Qd2 f5 22. f4 Bd6 23. Nf1 Qh7 24. Reb1 Ng6 25. g3 Rg4 26. Kf2 gxf4 27. Nxf4
Nxf4 0-1